Role of NGO's in developing countries : (Record no. 125582)

MARC details
000 -LEADER
fixed length control field 00984nam a22002537a 4500
003 - CONTROL NUMBER IDENTIFIER
control field dpl
005 - DATE AND TIME OF LATEST TRANSACTION
control field 20180723181610.0
008 - FIXED-LENGTH DATA ELEMENTS--GENERAL INFORMATION
fixed length control field 180530b xxu||||| |||| 00| 0 eng d
010 ## - LIBRARY OF CONGRESS CONTROL NUMBER
LC control number B-092721
020 ## - INTERNATIONAL STANDARD BOOK NUMBER
Terms of availability 00.00
International Standard Book Number 8176294349
035 ## - SYSTEM CONTROL NUMBER
System control number B-092721, B-092724, B-092722
037 ## - SOURCE OF ACQUISITION
Source of stock number/acquisition Cen Lib/Ret
040 ## - CATALOGING SOURCE
Original cataloging agency DPL
Language of cataloging EN
Transcribing agency 0
082 ## - DEWEY DECIMAL CLASSIFICATION NUMBER
Classification number 351.8
Item number RAV
100 ## - MAIN ENTRY--PERSONAL NAME
Personal name Ravi Shankar Kumar Singh
9 (RLIN) 14837
245 ## - TITLE STATEMENT
Title Role of NGO's in developing countries :
Statement of responsibility, etc by Ravi Shankar Kumar Singh
Remainder of title potentials, constraints and policies /
260 ## - PUBLICATION, DISTRIBUTION, ETC. (IMPRINT)
Place of publication, distribution, etc New Delhi
Name of publisher, distributor, etc Deep & Deep Publications Pvt. Ltd.
Date of publication, distribution, etc 2003
270 ## - ADDRESS
Address F-159. Rajouri Garden
City New Delhi
Postal code 110027
300 ## - PHYSICAL DESCRIPTION
Extent xv,279p. :
Dimensions 23cm(Hb)
Other physical details ill.
500 ## - GENERAL NOTE
General note Includes bibliographical references and index.
650 ## - SUBJECT ADDED ENTRY--TOPICAL TERM
Topical term or geographic name as entry element Non-governmental organizations -- Developing countries.
9 (RLIN) 14838
650 ## - SUBJECT ADDED ENTRY--TOPICAL TERM
Topical term or geographic name as entry element Nepal -- Economic conditions -- Effect of non-governmental organizations on
9 (RLIN) 14839
942 ## - ADDED ENTRY ELEMENTS (KOHA)
Source of classification or shelving scheme Dewey Decimal Classification
Koha item type English Books
Classification part 351.8
Call number suffix RAV
Holdings
Withdrawn status Lost status Damaged status Not for loan Home library Current library Date acquired Source of acquisition Cost, normal purchase price Total Checkouts Full call number Barcode Date last seen Copy number Cost, replacement price Price effective from Koha item type Source of classification or shelving scheme Collection code Total Renewals Checked out Date checked out
        Central Library Central Library 22/06/2015 Cen Lib/Ret 0.00   351.8 RAV B-092721 22/06/2015 1 0.00 22/06/2015 English Books          
        Patel Nagar Patel Nagar 23/07/2018 BPPD/PUB 0.00 1 351.8 RAV B-092722 24/12/2018   0.00 23/07/2018 English Books Dewey Decimal Classification Non-fiction     22/12/2018
        Shahdara Branch Shahdara Branch 30/05/2018 BPPD/PUB 0.00 1 351.8 RAV B-092724 21/10/2022   0.00 30/05/2018 English Books Dewey Decimal Classification Non-fiction 1 19/11/2022 21/10/2022

© Delhi Public Library
Hit Counter
free hit counter